Návrh parnej turbíny na teplárenské použitie
Gespeichert in:
| 1. Verfasser: | |
|---|---|
| Weitere Verfasser: | |
| Format: | Manuskript Buch |
| Sprache: | Slowakisch |
| Veröffentlicht: |
2015
|
| Schlagworte: | |
| Online-Zugang: | http://is.stuba.sk/zp/portal_zp.pl?podrobnosti=112926 |
| Tags: |
Keine Tags, Fügen Sie das erste Tag hinzu!
|
MARC
| LEADER | 00000ntm a22000003a 4500 | ||
|---|---|---|---|
| 001 | stuzp51805 | ||
| 003 | SK-STU | ||
| 005 | 20160719153954.3 | ||
| 007 | ta | ||
| 008 | 150427s2015----xo-----f-mn---000-0-slo-d | ||
| 040 | |a STU |b slo | ||
| 041 | 0 | |a slo | |
| 100 | 1 | |a Ščítna, Radka |u 020060 |4 aut |U SjF Strojnícka fakulta |T SjF Ústav tepelnej energetiky |X 44429 |U J0060 |Y 805 |7 A000044429 | |
| 242 | 0 | 1 | |a The design of a heating steam turbine |y eng |
| 245 | 1 | 0 | |a Návrh parnej turbíny na teplárenské použitie |
| 260 | |c 2015 | ||
| 650 | 4 | |a termodynamický výpočet |2 slo | |
| 650 | 4 | |a straty parnej turbíny |2 slo | |
| 650 | 4 | |a predbežný a detailný návrh stupňov |2 slo | |
| 650 | 4 | |a rovnotlaký stupeň |2 slo | |
| 650 | 4 | |a pretlakový stupeň |2 slo | |
| 650 | 4 | |a bezrozmerné parametre |2 slo | |
| 650 | 4 | |a parná turbína |2 slo | |
| 650 | 4 | |a Steam turbine |2 eng | |
| 650 | 4 | |a reaction stage |2 eng | |
| 650 | 4 | |a thermodynamic calculation |2 eng | |
| 650 | 4 | |a impulse stage |2 eng | |
| 650 | 4 | |a non dimensional parameters |2 eng | |
| 650 | 4 | |a team turbine loss |2 eng | |
| 700 | 1 | |a Molnár, Vojtech |4 ths |X 2444 |7 A000002444 | |
| 856 | 4 | |u http://is.stuba.sk/zp/portal_zp.pl?podrobnosti=112926 | |
| 996 | |b 284J043730 |c J* 2020/DP |l JJSK |s A |a 24 |w stuzp51805_0001 | ||
| SQL | |a stuzp51805 |b DDP |c SLO |d Návrh parnej turbíny na teplárenské použitie |e 44429 |f Ščítna, Radka |g 020060 |h 2444 |i Molnár, Vojtech |j 20150617 |k 61 |l 02 |m http://is.stuba.sk/zp/portal_zp.pl?podrobnosti=112926 |n I-TESZ |o 5.2.29. energetika | ||